MARC details
| 000 -CABECERA |
| campo de control de longitud fija |
01559nam a2200313 a 4500 |
| 001 - NÚMERO DE CONTROL |
| campo de control |
000024474 |
| 005 - FECHA Y HORA DE LA ÚLTIMA TRANSACCIÓN |
| campo de control |
20251120073732.0 |
| 008 - DATOS DE LONGITUD FIJA--INFORMACIÓN GENERAL |
| campo de control de longitud fija |
110128s2005 dr a 000 0 spa d |
| 020 ## - NÚMERO INTERNACIONAL ESTÁNDAR DEL LIBRO |
| Número Internacional Estándar del Libro |
994541500X |
| 040 ## - FUENTE DE LA CATALOGACIÓN |
| Centro catalogador/agencia de origen |
DO-SdBNP |
| Lengua de catalogación |
spa |
| Centro/agencia transcriptor |
BNPHU |
| 082 ## - NÚMERO DE LA CLASIFICACIÓN DECIMAL DEWEY |
| Número de clasificación |
320.97293 |
| Número de documento/Ítem |
D383v |
| 245 03 - MENCIÓN DE TÍTULO |
| Título |
La democracia vulnerable : |
| Resto del título |
insatisfacción y desconfianza (1994-2004) / |
| Mención de responsabilidad, etc. |
coorrdinadora general Ramonina Brea... [et. al.]. |
| 260 ## - PUBLICACIÓN, DISTRIBUCIÓN, ETC. |
| Lugar de publicación, distribución, etc. |
Santo Domingo : |
| Nombre del editor, distribuidor, etc. |
PUCMM : CESDEM, |
| Fecha de publicación, distribución, etc. |
2005. |
| 300 ## - DESCRIPCIÓN FÍSICA |
| Extensión |
2v.. : |
| Otras características físicas |
graf. ; |
| Dimensiones |
29 cm. |
| 590 ## - NOTA LOCAL (RLIN) |
| Nota local |
Inventariado, 2018/ YL |
| 500 ## - NOTA GENERAL |
| Nota general |
Incluye referencias bibliográficas y notas al pie de las páginas |
| 500 ## - NOTA GENERAL |
| Nota general |
Basado en los resultados de la cuarta Encuesta Nacional de Cultura Política y Democracia (Demos 2004), esta dirigida a conocer la visión compartida, las actidutes , creencias acerca de la democracia, el sistema político y la gestión gubernamental de las dominicanas y dominicanos. |
| 505 0# - NOTA DE CONTENIDO CON FORMATO |
| Información miscelánea |
v.1. - |
| Título |
Informe final. |
| Información miscelánea |
v.2 - |
| Título |
Resumen |
| 650 #0 - PUNTO DE ACCESO ADICIONAL DE MATERIA--TÉRMINO DE MATERIA |
| Término de materia o nombre geográfico como elemento de entrada |
Democracia |
| 9 (RLIN) |
286 |
| 650 #4 - PUNTO DE ACCESO ADICIONAL DE MATERIA--TÉRMINO DE MATERIA |
| Término de materia o nombre geográfico como elemento de entrada |
Política cultural |
| Subdivisión geográfica |
República Dominicana |
| 9 (RLIN) |
1984 |
| 650 #4 - PUNTO DE ACCESO ADICIONAL DE MATERIA--TÉRMINO DE MATERIA |
| Término de materia o nombre geográfico como elemento de entrada |
Opinión pública |
| Subdivisión general |
República dominicana |
| 9 (RLIN) |
50173 |
| 651 #4 - PUNTO DE ACCESO ADICIONAL DE MATERIA--NOMBRE GEOGRÁFICO |
| Nombre geográfico |
República Dominicana |
| Subdivisión general |
Política Y Gobierno |
| Subdivisión cronológica |
1994-2004 |
| 9 (RLIN) |
50174 |
| 700 12 - PUNTO DE ACCESO ADICIONAL--NOMBRE DE PERSONA |
| Nombre de persona |
Brea, Ramonina |
| Término indicativo de función/relación |
coord. |
| 9 (RLIN) |
8319 |
| 700 12 - PUNTO DE ACCESO ADICIONAL--NOMBRE DE PERSONA |
| Nombre de persona |
Duarte, Isis |
| Término indicativo de función/relación |
coord. |
| 9 (RLIN) |
2123 |
| 700 12 - PUNTO DE ACCESO ADICIONAL--NOMBRE DE PERSONA |
| Nombre de persona |
Seligson, Mitchell |
| Término indicativo de función/relación |
coord. |
| 9 (RLIN) |
50175 |
| 710 2# - PUNTO DE ACCESO ADICIONAL--NOMBRE DE ENTIDAD CORPORATIVA |
| Nombre de entidad corporativa o nombre de jurisdicción como elemento de entrada |
Pontificia Universidad Católica Madre y Maestra |
| 9 (RLIN) |
843 |
| 710 2# - PUNTO DE ACCESO ADICIONAL--NOMBRE DE ENTIDAD CORPORATIVA |
| Nombre de entidad corporativa o nombre de jurisdicción como elemento de entrada |
Centro de Estudios Sociales y Demográficos (República Dominicana) |
| 9 (RLIN) |
54618 |
| 910 ## - DATOS DE OPCIÓN DEL USUARIO (OCLC) |
| Datos de opción del usuario |
Validado. Control de calidad MFF |